Countries by Their Five Closest Countries - Alphabetical - Statistics

General Stats
  • This quiz has been taken 200 times
  • The average score is 15 of 18
Answer Stats
Five Closest Countries Country % Correct
Andorra, Algeria, France, Morocco, Portugal Spain
97%
Israel, Jordan, Libya, Saudi Arabia, Sudan Egypt
95%
Bahamas, Canada, Cuba, Mexico, Russia United States
93%
Australia, Fiji, Samoa, Tonga, Vanuatu New Zealand
91%
Argentina, Bolivia, Brazil, Peru, Paraguay Chile
89%
Egypt, Jordan, Lebanon, Syria, Saudi Arabia Israel
89%
Bahamas, Iceland, Mexico, Russia, United States Canada
88%
Denmark, Ireland, Norway, Sweden, UK Iceland
86%
Bolivia, Brazil, Chile, Paraguay, Uruguay Argentina
84%
Austria, Germany, Hungary, Poland, Slovakia Czechia
84%
Germany, Norway, Netherlands, Poland, Sweden Denmark
83%
China, North Korea, Russia, South Korea, Taiwan Japan
82%
Cambodia, Indonesia, Malaysia, Thailand, Vietnam Singapore
82%
Bosnia, Croatia, France, Italy, San Marino Vatican City
82%
Iran, Pakistan, Saudi Arabia, UAE, Yemen Oman
80%
Greece, Israel, Lebanon, Syria, Turkey Cyprus
79%
Burundi, DRC, Kenya, Tanzania, Uganda Rwanda
78%
Benin, Burkina Faso, Côte d'Ivoire, Nigeria, Togo Ghana
75%
No matching quizzes found
Score Distribution
Percent of People with Each Score
Percentile by Number Answered
Your Score History
You have not taken this quiz